000 00293nam a22001337a 4500
008 170830b xxu||||| |||| 00| 0 eng d
020 _a9780072292671
041 _aeng
080 _28TH
_a070
100 _a40
101 _aMED
245 _aHUMAN COMMUNICATION
_cTUBBS,S.L
942 _2udc
_cBK
999 _c25660
_d25660